000 00293nam a22001337a 4500
008 170522b xxu||||| |||| 00| 0 eng d
020 _a9780816032549
041 _aeng
080 _a94(100)
100 _a16
101 _aSHH
245 _aPLAINS INDIANS WARS
_cMARKER, SH
942 _2udc
_cBK
999 _c13781
_d13781